| 000 | 01259nam a2200181Ia 4500 | ||
|---|---|---|---|
| 008 | 220216s9999 xx 000 0 und d | ||
| 100 | _aJayasinghe C K | ||
| 245 | 0 | _aSusceptibility of Hevea clones to black stripe disease | |
| 260 |
_bJournal of the Rubber Research Institute of Sri Lanka _c1997 |
||
| 300 | _a30-36 | ||
| 520 | _aBark rot or black stripe of Hevea brasiliensis caused by Phytophthora spp. is the only economically important disease of the tapping panel. Screening trials were carried out for three consecutive years at four different localities to evaluate the inherent susceptibility of thirty three Hevea clones to black stipe disease. The results indicated that the clones commonly grown in the eastern hemisphere or proved to be potential genetic material for future use show a differential inherent susceptibility with RRIC 130 being the most susceptible. Among the other examined RRIC 119, RRIC 133, RRIC 110, RRIC 112, RRIC 114, PB 86, RRIC 117, RRIM 600 and RRIC 132 were susceptible while BPM 24, RRIM 717, RRIC 116, PB 260, RRIC 121 and RRIC 100 were resistant. | ||
| 650 | _aBark rot | ||
| 650 | _aBlack stripe | ||
| 650 | _aClonal susceptibility | ||
| 650 | _aPhytophthora spp. | ||
| 700 | _aWettasinghe D S | ||
| 942 | _cJS | ||
| 999 |
_c70054 _d70054 |
||